UK sales rise says CBI (Record no. 73782)

MARC details
000 -LEADER
fixed length control field 00824cam a2200181 4500
001 - CONTROL NUMBER
control field WB3943-05
008 - FIXED-LENGTH DATA ELEMENTS--GENERAL INFORMATION
fixed length control field 031112n2003 000 0 eng u
035 ## - SYSTEM CONTROL NUMBER
System control number (Sirsi) u124303
245 ## - TITLE STATEMENT
Title UK sales rise says CBI
260 ## - PUBLICATION, DISTRIBUTION, ETC.
Date of publication, distribution, etc. 2003
490 ## - SERIES STATEMENT
Series statement Retail Week
Volume/sequential designation 7 November 2003, 4(1)
520 ## - SUMMARY, ETC.
Summary, etc. The latest CBI retail survey indicates that 56% of retailers said that their sales had risen in October. Which compared with only 21% claiming a fall in sales. The overall balance of a rise of 35% is the fastest rate of growth since April 2002. Grocers saw the strongest year on year growth, whilst retailers selling durable household goods saw sales fall. To read the CBI press release visit http://www.cbi.org.uk
590 ## - LOCAL NOTE (RLIN)
Local note WB
650 ## - SUBJECT ADDED ENTRY--TOPICAL TERM
Topical term or geographic name entry element CBI
650 ## - SUBJECT ADDED ENTRY--TOPICAL TERM
Topical term or geographic name entry element RETAIL SALES
690 ## - LOCAL SUBJECT ADDED ENTRY--TOPICAL TERM (OCLC, RLIN)
Topical term or geographic name as entry element ECONOMIC ISSUES
942 ## - ADDED ENTRY ELEMENTS (KOHA)
Suppress in OPAC 0
Holdings
Withdrawn status Lost status Source of classification or shelving scheme Damaged status Not for loan Home library Current library Shelving location Date acquired Total Checkouts Full call number Barcode Date last seen Copy number Price effective from Koha item type
    Dewey Decimal Classification     London London News article 12/11/2003   WB3943-05 124303-1001 06/08/2019 1 06/08/2019 News article